000 01015nam2a22002411 4500
001 rc\3940956
005 20250610130807.0
021 _aRU
_bВП-97-6105/29
035 _a(NLR Aleph) 007919818
090 _a8150591
_c8150591
100 _a20130415d1956 |||y0rusy50 ca
101 0 _arus
102 _aRU
105 _aa z |||||
200 0 _aЧ. 2
210 _d1956
_aБ. м.
215 _a138 с.
_cчерт.
461 0 _1001rc\3940955
_12001#$aМатематический анализ$eУчеб. пособие$eЧ. 2-$fКраснознам. воен.-воздуш. акад.$vЧ. 2
_1700#1$aКуницкий$bР.В.$f1890-$gРостислав Владимирович
_98150586
_aКуницкий, Р.В. (1890-)
_cМонино
_d1956
_fКраснознам. воен.-воздуш. акад.
_nБ. и.
_oУчеб. пособие : Ч. 2-
_tМатематический анализ
_vЧ. 2
801 0 _aRU
_bNLR
_gpsbo
801 1 _aRU
_bELAR
_2rusmarc
852 _aNLR
_jМт02 Г-3/413
942 _cBOOK
980 _aNB